00839nam a2200217Ia 4500952013100000952013100131999001700262003000400279005001700283008004100300020001800341040000900359082001800368100002900386245008300415250001200498260004800510300000900558650001200567942004200579 00102ddc40708GRAaMESbMEScENGd2019-02-20g120.00l0o428.24 MCC/Ep36079r2019-02-20 00:00:00t1w2019-02-20yBKzGR9R2 00102ddc40708GRAaMESbMEScENGd2019-02-20g120.00l0o428.24 MCC/Ep40030r2019-02-20 00:00:00t2w2019-02-20yBKzGR9R2 c14522d14522OSt20201113125139.0190216s9999||||xx |||||||||||||| ||und|| a9780521684316 coclc a428.24bMCC/E aMccarthy, Michael 96382 0aEnglish Vocabulary In Use :bElementary /c Michael Mccarthy ; Felicity O'Dell a5th Ed. bCambridge University Press,c2004.aLondon: a168p aEnglish cBK2ddch428.24iMCC/Ek428.24mMCC/E